| 000 | 00000nam 2200000za 4500 |
| 001 | 9.606642 |
| 003 | CaOODSP |
| 005 | 20240207110907 |
| 007 | cr ||||||||||| |
| 008 | 150406|2008||||xxc|||||o f|0| 0 fre d |
| 040 | |aCaOODSP|bfre |
| 043 | |an-cn--- |
| 086 | 1 |aSE7-3/2008-1F-PDF |
| 245 | 00|aEstimation du taux de participation par groupes d'âge à la 39e élection générale fédérale du 23 janvier 2006 |h[ressource électronique]. |
| 260 | |aOttawa : |bÉlections Canada, |c2008. |
| 300 | |a34 p. : |bgraphiques |
| 490 | 1 |aÉlections Canada - documents de travail |
| 500 | |a« Mars 2008. » |
| 590 | |a14-07-Supp|b2014-04-03 |
| 691 | 07|aÉlections|2gcpds |
| 691 | 07|aDonnées démographiques|2gcpds |
| 710 | 2 |aÉlections Canada. |
| 775 | 08|tEstimation of voter turnout by age group at the 39th federal general election, January 23, 2006 |w(CaOODSP)9.578909 |
| 830 | #0|aÉlections Canada - documents de travail.|w(CaOODSP)9.504135 |
| 856 | 40|ahttp://publications.gc.ca|qPDF|s707 Ko|uhttps://publications.gc.ca/collections/collection_2014/elections/SE7-3-2008-1-fra.pdf |